000 00713nam a2200253Ia 4500
003 OSt
005 20220928103428.0
006 a|||||r|||| 00| 0
007 ta
008 220927b |||||||| |||| 00| 0 hin d
020 _cINR 495.00
024 _a144559
037 _bGV251, 13/03/2021, Vani Prakashan
_cTextual
040 _aSDCL
_cSDCL
_bhin
041 _2hin
_ahin
082 _aO152,3N29, Q7
100 _aVerma Nirmal
_9392706
245 0 _aAntim Aranya
260 _aNew Delhi
_bVani Prakashan
_c2017
300 _a214p.
_ccm.
650 _aHindi
_9391598
942 _hO152,3N29, Q7
_cTEXL
_2CC
999 _c719750
_d719750